Ruskin Bond A Mussoorie Mystery (Record no. 12627)

MARC details
000 -LEADER
fixed length control field 00252nam a22000977a 4500
008 - FIXED-LENGTH DATA ELEMENTS--GENERAL INFORMATION
fixed length control field 240831b |||||||| |||| 00| 0 eng d
020 ## - INTERNATIONAL STANDARD BOOK NUMBER
International Standard Book Number 9788129135827
100 ## - MAIN ENTRY--PERSONAL NAME
Personal name Bond Ruskin
245 ## - TITLE STATEMENT
Title Ruskin Bond A Mussoorie Mystery
260 ## - PUBLICATION, DISTRIBUTION, ETC. (IMPRINT)
Place of publication, distribution, etc. New Delhi
Name of publisher, distributor, etc. Rupa
Date of publication, distribution, etc. 2011
Holdings
Withdrawn status Lost status Source of classification or shelving scheme Damaged status Koha normalized classification for sorting Not for loan Home library Current library Shelving location Date acquired Total Checkouts Full call number Barcode Date last seen Date last checked out Price effective from Koha item type
    Dewey Decimal Classification   BON_823_000000000000000   Good Samaritan School Library Good Samaritan School Library FICTION 08/31/2024 1 BON823 BON17895 09/09/2024 09/02/2024 08/31/2024 BOOK

Powered by Koha